Generalización del IVA y otros temas impositivos (Registro nro. 18190)
[ vista simple ]
| 000 -LEADER | |
|---|---|
| fixed length control field | 00373 a2200121 4500 |
| 001 - CONTROL NUMBER | |
| control field | ART_13002 |
| 005 - DATE AND TIME OF LATEST TRANSACTION | |
| control field | 20260410161735.0 |
| 008 - FIXED-LENGTH DATA ELEMENTS--GENERAL INFORMATION | |
| fixed length control field | 260409a |
| 100 1# - MAIN ENTRY--PERSONAL NAME | |
| Personal name | San Martín, Jorge A. |
| 245 10 - TITLE STATEMENT | |
| Title | Generalización del IVA y otros temas impositivos |
| 700 1# - ADDED ENTRY--PERSONAL NAME | |
| Personal name | Cravino, Daniel |
| 773 0# - HOST ITEM ENTRY | |
| Title | Ejecutivos de finanzas |
| Related parts | - Año 8, Nº 72 (dic. 1990) |
| Record control number | REV2863 |
No hay ítems disponibles.